| 000 | 00951nam a2200265 4500 | ||
|---|---|---|---|
| 001 | 123213 | ||
| 003 | ES-MaACL | ||
| 005 | 20230906192130.0 | ||
| 007 | t| | ||
| 008 | 070214s1985 sp r ||||0| spa d | ||
| 245 | 0 | 0 |
_aPsicología evolutiva / _ccompilación de Alvaro Marchesi, Mario Carretero y Jesús Palacios. |
| 260 |
_aMadrid : _bAlianza, _c1985. |
||
| 300 |
_a3 v ; _c23 cm. |
||
| 490 | 1 |
_aAlianza psicología ; _v9-11 |
|
| 505 | 8 | _aContiene: v. I: Teorías y métodos --- v. II: Desarrollo cognitivo y social del niño --- v. III: Adolescencia, madurez y senectud | |
| 710 | 2 |
_aMarchesi, Alvaro. _95648 |
|
| 710 | 2 |
_aCarretero, Mario. _92450 |
|
| 710 | 2 |
_aPalacios, Jesús. _96103 |
|
| 740 | 0 | _aTeorías y métodos. | |
| 740 | 0 | _aDesarrollo cognitivo y social del niño. | |
| 740 | 0 | _aAdolescencia, madurez y senectud. | |
| 830 | 0 |
_aAlianza psicología ; _v9-11 _9178168 |
|
| 852 |
_aES-MaACL _jL-11883-5 |
||
| 999 |
_c123213 _d123213 |
||